[Event "Gausdal GM-A"]
[Site "Gausdal"]
[Date "2005.04.21"]
[Round "9"]
[White "Carlsen, Magnus"]
[Black "Lie, Kjetil A"]
[Result "1-0"]
[WhiteElo "2548"]
[BlackElo "2495"]
[Annotator "Stohl,I"]
[PlyCount "117"]
[EventDate "2005.04.13"]
[EventType "tourn"]
[EventRounds "9"]
[EventCountry "NOR"]
[EventCategory "10"]
[SourceTitle "CBM 107"]
[Source "ChessBase"]
[SourceDate "2005.08.01"]
[SourceVersion "1"]
[SourceVersionDate "2005.08.01"]
[SourceQuality "1"]

1. d4 Nf6 2. Nf3 g6 3. g3 Bg7 4. Bg2 O-O 5. O-O d6 6. c4 c6 7. Nc3 Qb6 8. h3 (
8. Qc2) ({or} 8. e3 $5 {are better tries to fight for an edge.}) 8... Qa6 9. b3
b5 10. Bg5 $5 {[%mdl 512] A rare sacrificial alternative. White needs some new
ideas to enliven the position, as currently the whole line is considered
rather innocuous. The main moves are:} (10. cxb5 cxb5 11. Qd3 b4 12. Ne1 {
runs into} Bxh3 $1 $11 {/~~ and Black is fine.}) (10. Nd2 bxc4 11. Nxc4 Be6 12.
Ne3 (12. Nd2 Nd5 (12... d5 $6 13. Bb2 Nbd7 14. Na4 Ne8 15. Nf3 f6 16. Ne1 Bf7
17. Nd3 Nd6 18. Rc1 Rac8 19. Rc2 Rfe8 20. Qc1 $36 {Safin,S-Strikovic,A/Yerevan
olm/1996/}) 13. Ndb1 Nxc3 14. Nxc3 Nd7 15. Bb2 Rab8 16. Qd2 Rfc8 17. Rac1 Nb6
18. Kh2 Qa5 19. Rfd1 Qb4 20. Ne4 Qxd2 21. Rxd2 a5 22. Ng5 Bh6 23. f4 {1/2,
Gorelov,S-Titov,G/Moscow/1986/} Bxg5 24. fxg5 a4 $11) (12. Qd3 Nbd7 (12... Nd5
13. Bb2 Nb6 14. d5 Nxc4 15. bxc4 Bf5 16. e4 Bd7 17. Rab1 Qa5 18. Ne2 Na6 19.
Bxg7 Kxg7 20. Qd4+ f6 21. Rb2 Nc5 22. f4 Rab8 $132 {Szmetan,J-Tempone,M/Villa
Ballester/1996/}) 13. Ne5 Qxd3 14. Nxd3 Nb6 15. Bb2 Rac8 16. Rfc1 a5 17. e3 g5
18. e4 Nfd7 19. Nd1 f5 20. Ne3 fxe4 21. Bxe4 c5 $11 {Dautov,R-Smirin,I/BLR-ch
Minsk/1987/}) 12... Nbd7 13. Bb2 Rfc8 (13... Rac8 14. Nc2 Rc7 15. e4 Nb6 16.
Kh2 Rb8 17. Rb1 Qc8 18. f4 c5 (18... a5 $5 $13) 19. d5 Bd7 20. Qd2 Ne8 21. Rfe1
a5 22. Na3 c4 23. Rec1 Rc5 24. Bf1 cxb3 25. axb3 {Fancsy,I-Wells,P/Budapest/
1994/} Qb7 $132) 14. Rc1 Rab8 15. Qd2 Nb6 16. f4 c5 17. d5 Bd7 18. Ra1 Qa5 19.
Kh2 Ne8 20. f5 Nf6 21. Qd3 Be8 22. fxg6 hxg6 23. Rac1 c4 $1 24. bxc4 Nbd7 $44 {
|^,Agdestein,S-Bischoff,K/Dortmund/1987/}) 10... bxc4 11. bxc4 Qxc4 12. Rc1 Ba6
(12... Nbd7 13. e4 $44 {[%cal Re4e5,Rc3d5] /\Nd5,e5}) (12... h6 $5 13. Bd2 (13.
Bxf6 Bxf6 14. Ne4 Qxa2 15. Nxf6+ exf6 16. Ra1 Qe6 17. Qd2 Kg7 $44 {/=/+ White
has some compensation, but it's barely enough for two P.}) 13... Qe6 14. Re1
Ba6 (14... Nbd7 15. e4 Nb6 16. e5 Nfd5 17. Nxd5 cxd5 18. Bf4 $44) 15. e4 Bc4
$13) 13. Re1 $146 (13. e4 h6 14. Bd2 e5 (14... Qe6 $5 15. Re1 {-12...h6!?}) 15.
dxe5 dxe5 16. Nd5 $5 cxd5 $6 (16... Qxa2 $1 {/\} 17. Ra1 Qb2 $8 18. Rb1 Qa2 $11
) 17. Rxc4 Bxc4 18. Nxe5 $1 Bxf1 19. Kxf1 Nxe4 $2 (19... dxe4 20. Qb3 $32 {|^})
20. Bb4 Rd8 21. Nxf7 $1 Nc6 22. Nxd8 Rxd8 23. Ba5 {1-0,Berkes,F-Stokke,K/
Stockholm/2003/}) 13... Qb4 (13... Nbd7 $6 14. e4 $36 {[%cal Rg2f1,Ye4e5] /
\Bf1,e5}) (13... h6 {still seems better.}) 14. e4 $32 {[%csl Gd4,Ge4] |^[+]} e5
$6 {Returns the P, but doesn't relieve the pressure - now White will have
equal material and a positional advantage.} (14... Rd8 15. Bd2 (15. Qc2 $5 $44)
15... Qb7 16. e5 $36) 15. dxe5 dxe5 16. Nxe5 Qa5 (16... Re8 17. Nxc6 Nxc6 18.
Bxf6 Bxf6 19. Nd5 Qd6 20. Rxc6 $1 Qxc6 21. e5 Rxe5 22. Ne7+ (22. Rxe5 Kg7 $11)
22... Rxe7 23. Bxc6 $16) 17. Nxf7 $6 {Was this really necessary?} (17. Bxf6
Bxf6 18. Nxc6 $1 Nxc6 19. Nd5 Be5 20. Rxc6 $16 {gives White a healthy extra P
and reasonable chances to convert his advantage.} Qxa2 $140 $2 21. Nb4 $18)
17... Rxf7 18. e5 Nbd7 $2 {[%mdl 8192] Black buckles under the pressure and
returns the extra piece immediately. The only consistent move was} (18... Ne8 {
I don't see anything concrete for White, who must still prove he has enough
for a whole piece after, e.g.,} 19. Bd8 Qb4 20. e6 Rf5) 19. exf6 Nxf6 (19...
Qxg5 20. fxg7 {[%cal Rc3e4] /\Ne4+/-}) 20. Bxf6 (20. Be3 Rd8 21. Qa4 $36) 20...
Bxf6 (20... Rxf6 21. Nd5 $1 $16) 21. Ne4 Be7 {Black is more or less forced to
give the ><c6, as without his dark-squared B he is unable to defend his K
properly.} (21... Bb5 22. Nxf6+ Rxf6 23. Re5 $1 $40 {[%csl Rg8][%cal Rg2c6] /
\Bc6,ע}) (21... Qxa2 22. Rxc6 Bg7 23. Rc2 $18 {/\Nf6} (23. Nd6 Qxf2+ 24. Kh1
Rd8 25. Bd5 Bb7 26. Nxb7 Rxd5 27. Re8+ Bf8 28. Qxd5 Qf1+ 29. Kh2 Qf2+ 30. Qg2
Qxg2+ 31. Kxg2 Rxb7 $14)) 22. Rxc6 $16 Bb7 23. Re6 Rd8 (23... Qxa2 $2 24. Rxe7
$1 Rxe7 25. Nf6+ Kf7 (25... Kf8 26. Qd6 $18) 26. Rxe7+ Kxe7 27. Bxb7 Rd8 28.
Bd5 $40 {/\} Qa6 29. Qe1+ $1 Kxf6 30. Qc3+ Ke7 31. Qg7+ Kd6 32. Qf6+ $18) 24.
Qe2 {[%cal Re6e7]} Bxe4 {The best way to meet the threat Re7.} (24... Qf5 25.
Rxe7 Rxe7 26. Nf6+ Qxf6 27. Qxe7 Qxe7 28. Rxe7 Bxg2 29. Kxg2 a6 30. Re6 $18) (
24... Bb4 25. Rc1 $40) 25. Qxe4 Bc5 26. Re2 Rdf8 27. Qd5 Qb4 (27... Kg7 28. Kh2
$16 {is similar to the game.} Rxf2 $140 29. Rxf2 Rxf2 30. Re7+ $1 Kh6 31. g4
Qd2 32. g5+ $1 Qxg5 33. Rxh7+ Kxh7 34. Qxg5 $18) 28. Kh2 Kg7 (28... Bxf2 $2 29.
Rxf2 Rxf2 30. Rxg6+ Kh8 31. Qe5+ $18) 29. Qe5+ (29. f4 Qd4 $16) 29... Kg8 30.
a3 {This allows Black to exchange Q, White could have played for the -> with} (
30. f4 $142 $1 $40 {as now Black can't simplify:} Qd4 $2 31. Qxd4 Bxd4 32. Bd5
Rf5 (32... Kg7 33. R6e4 $18) 33. Rxg6+ Kh8 34. Rd6 $18) (30. Rc6 $5 $40) 30...
Qd4 $1 (30... Qxa3 $2 31. Rc6 {[%cal Rg2d5] /\Bd5+-}) 31. Qxd4 Bxd4 32. f4 Kg7
$14 {[%csl Gd4] /+/-,_|_^- Black has survived the worst and can fight on in
the _|_.} 33. Bd5 Bf6 34. h4 Rd7 35. Be4 Rfd8 36. Kh3 Rd6 37. Rxd6 Rxd6 38. Rc2
Rd7 39. Kg4 Be7 40. a4 Rd4 41. Bc6 h5+ $6 {[%csl Rg6] ><g6} (41... Kf6 $142)
42. Kh3 Bd6 43. Kg2 Bb4 44. Kh3 Bd6 (44... Kf6 $16) (44... a5 45. Be8 Rd6 $16)
45. Be8 $1 Rd3 46. Kg2 Re3 (46... a5 47. Rc6 {[%csl Ra5][%cal Rc6a6] /\Ra6+-})
47. Rc6 $1 Re6 (47... Rxe8 48. Rxd6 Re7 49. Kf3 $18 {is a hopeless R_|_, White
has an extra P and a more active R.}) (47... Bxf4 48. Rxg6+ Kf8 49. gxf4 Rxe8
50. Ra6 {is similar:} Re4 51. Kf3 Re7 52. Ra5 $18) 48. Ra6 $18 {Now Black must
either go for the R_|_ form the aobve note, or lose the Pa7.} Kf8 49. Bb5 Rf6
50. Bd3 $5 Kg7 51. Rxa7+ Kf8 52. a5 Bb4 53. a6 Rd6 54. Rc7 Rxd3 55. Rc8+ Kg7
56. a7 Rd2+ 57. Kf3 Rd3+ 58. Ke4 Ra3 59. a8=Q 1-0

[Event "Schagen rapid 25'+5"]
[Site "Schagen"]
[Date "2005.04.30"]
[Round "1"]
[White "Carlsen, Magnus"]
[Black "Smeets, Jan"]
[Result "1/2-1/2"]
[WhiteElo "2581"]
[BlackElo "2515"]
[Annotator "Dautov,R"]
[PlyCount "121"]
[EventDate "2005.04.30"]
[EventType "tourn (rapid)"]
[EventRounds "6"]
[EventCountry "NED"]
[EventCategory "12"]
[SourceTitle "CBM 108"]
[Source "ChessBase"]
[SourceDate "2005.09.26"]
[SourceVersion "1"]
[SourceVersionDate "2005.09.26"]
[SourceQuality "1"]

1. c4 c6 2. e4 d5 3. exd5 cxd5 4. d4 Nf6 5. Nc3 e6 6. Nf3 Bb4 7. cxd5 Nxd5 8.
Qc2 Nc6 9. Bd3 Nxc3 {Eine spielbare Fortsetzung, aber meistens wird hier 9...
Ba5 10.a3 eingeschaltet, damit der schwarze Läufer auf b4 nicht hängt.} (9...
Ba5 10. a3 Nxc3 11. bxc3 Nxd4 12. Nxd4 Qxd4 $13) 10. bxc3 Nxd4 11. Nxd4 Qxd4
12. Bb5+ (12. O-O $5 Qxc3 13. Bb5+ Ke7 14. Qe2 (14. Qa4 Bd6 15. Bf4 Bxf4 $2 (
15... e5 $1 $13) 16. Qxf4 Qc5 17. a4 g5 18. Qg3 $40 {Nunn,J (2565)-Lobron,E 
(2470)/Biel 1982}) 14... Qxa1 (14... Bd6 15. Bb2 Qa5 16. Rfd1 Rd8 17. Qh5 $18 {
Najdorf,M-Portisch,L/Varna 1962}) 15. Bg5+ Qf6 16. Bxf6+ gxf6 17. Qg4 Bd6 18.
Qg7 Rd8 19. Qxh7 a6 20. Be2 Bd7 21. Bh5 Be8 $14 {Solleveld,M-Janssen,R (2350)/
Leiden 1997}) 12... Kf8 {Erlaubt Weiß ein aussichtsreiches Qualitätsopfer,
vorzuziehen war m.E. 12...Ke7.} (12... Ke7 13. O-O Qxc3 {-12.0-0.}) 13. cxb4 $1
$146 {[%mdl 512]} (13. O-O Qxc3 14. Qd1 Be7 $13) 13... Qe5+ (13... Qxa1 14. O-O
$44) 14. Qe2 Qxa1 15. O-O Qf6 16. Bb2 Qe7 17. Rd1 {[%mdl 128]} f6 (17... a6 18.
Be5 Kg8 19. Bd6 Qf6 20. Bc4 b5 (20... Bd7 $2 21. Be5 Qe7 22. Qg4 $18) 21. Bd5
Ra7 22. Bc6 $44) 18. Qh5 $2 {Weiß hat eine starke Initiative, aber er muß sehr
präzise spielen. In einer Schnellschachpartie hat man keine Zeit, lange
Varianten zu berechnen. Kein Wunder, daß Carlsen den besten Zug 18.Bd4! nicht
findet.} (18. Bd4 $1 Kg8 (18... Qxb4 $4 19. Qh5 $18) (18... b6 19. Be5 $1 $16)
19. Bc5 Qc7 20. Qh5 g6 21. Qh6 Qg7 22. Rd8+ Kf7 23. Qd2 $16) 18... e5 $2 {
Ein Gegenfehler.} (18... g6 $1 19. Qh6+ Kf7 $15) 19. Bxe5 $1 Bg4 (19... fxe5
20. Qf3+ Qf6 21. Rd8+ Ke7 22. Qxf6+ Kxf6 23. Rxh8 $14) 20. Qxg4 Qxe5 21. Rd7 f5
22. Qh5 Qe6 23. Qg5 $2 {Läßt erneut eine gute Möglichkeit aus, mit 23.Rxb7
könnte Weiß seinen Angriff unbeschwert fortsetzen.} (23. Rxb7 $1 $16) 23... Qf6
24. Qc1 h5 25. Bc4 Rc8 26. Qf1 Qc3 27. Rf7+ Kg8 28. Rc7+ Kh7 29. Bg8+ Rhxg8 30.
Rxc3 Rxc3 $11 {Letzten Endes endet die Partie in einem remislichen Endspiel.}
31. h4 Rgc8 32. Qb5 R8c7 33. Qxf5+ g6 34. Qe5 Rc1+ 35. Kh2 Rf7 36. f3 Rc4 37.
Qd5 Rxh4+ 38. Kg3 Rhf4 39. b5 R4f5 40. Qc4 Kh6 41. a4 b6 42. Qd4 Kh7 43. Qc4
Re7 44. Qc6 Rc5 45. Qd6 Rg7 46. Qd4 Rgc7 47. Kh3 Rc4 48. Qd6 Rg7 49. Qd1 Rf7
50. Qd5 Rcf4 51. Kg3 Kg8 52. Qd8+ Kg7 53. Qd1 Rb4 54. Qa1+ Kh7 55. Qa2 Rff4 56.
Qe6 h4+ 57. Kh3 Rxa4 58. Qe7+ Kh6 59. Qe5 Rfd4 60. Qh8+ Kg5 61. Qe5+ 1/2-1/2

[Event "Leon 18th"]
[Site "Leon"]
[Date "2005.06.11"]
[Round "1.1"]
[White "Anand, Viswanathan"]
[Black "Carlsen, Magnus"]
[Result "1-0"]
[WhiteElo "2785"]
[BlackElo "2548"]
[Annotator "Mellado,E"]
[PlyCount "59"]
[EventDate "2005.06.10"]
[EventType "k.o. (rapid)"]
[EventRounds "2"]
[EventCountry "ESP"]
[SourceTitle "CBM 108"]
[Source "ChessBase"]
[SourceDate "2005.09.26"]
[SourceVersion "1"]
[SourceVersionDate "2005.09.26"]
[SourceQuality "1"]

{La segunda semifinal del XVIII Magistral Ciudad de León nos ofrece un
encuentro apasionante e inédito. Anand , número 1 del mundo, va a enfrentarse
a una de las mayores promesas del ajedrez mundial, el GM de 14 años Magnus
Carlsen de Noruega. Por supuesto a día de hoy, ni los más entusiastas
seguidores de Magnus le conceden demasiadas posibilidades de triunfo. Pero el
encuentro es de capital importancia para la historia del ajedrez, puesto que
Carlsen está llamado a ser el natural relevo de la generación actual de
jugadores, y quien sabe si algún día no se enfrentaran para dirimir ese número
uno mundial que ahora ostenta el GM Indio} 1. e4 e5 2. Nf3 Nf6 {Magnus elige
la Petrov, una sólida defensa habitual en los torneos de élite.} 3. Nxe5 d6 4.
Nf3 Nxe4 5. Nc3 {Este viejo sistema lo rehabilitó hace unos años Alexei Shirov,
que le dió buena publicidad consiguiendo algunas bonitas victorias. Anand lo
utilizó hace poco para ganar una partida contra Vladimir Kramnik.} Nxc3 6. dxc3
Be7 7. Bf4 O-O 8. Qd2 Nd7 9. O-O-O Nc5 10. h4 ({Shirov prefirió en esta
posición} 10. Kb1 Bf6 11. Be3 b6 12. Nd4 Bb7 13. f3 a6 14. h4 Re8 15. Rh3 Bc8
16. Nc6 Qd7 17. Nb4 Bb7 18. g4 a5 19. Nd3 Nxd3 20. Bxd3 b5 21. Bg5 Be7 22. h5
Bc6 23. Bf5 Qd8 24. Be3 Rb8 {Shirov,A-Morozevich, A Moscú 2002 1-0 (71)}) 10...
Bg4 11. h5 $146 {Anand introduce una nueva jugada en esta posición} ({
Recientemente el GM moldavo Viorel Bologán jugó:} 11. Re1 Re8 12. Nd4 Ne6 13.
Nxe6 Bxe6 14. Bd3 Qd7 15. f3 a5 16. Kb1 b5 17. Bg5 Bf8 18. h5 d5 19. h6 g6 20.
Bf6 b4 21. Qg5 bxc3 22. Bxc3 d4 23. Bb5 c6 24. Rd1 cxb5 25. Rxd4 Qe7 {Bologan,
V-Motylev,A chessassistantclub.com INT 2004 /0-1 (48)}) 11... Re8 $146 {
una jugada nueva , aunque esta posición solo se había jugado una vez} ({
en esa ocasión las negras optaron por la lógica} 11... h6 12. Be2 Bf6 13. Nd4
Ne4 14. Qe3 Bxe2 15. Qxe2 Re8 16. Qf3 Bg5 17. Rhe1 Qf6 18. Rxe4 Rxe4 19. Qxe4
Qxf4+ 20. Qxf4 Bxf4+ 21. Kb1 Re8 22. g3 Bg5 23. a4 a6 24. Ka2 Bf6 25. Kb3 Re5
26. Rh1 Re4 27. Kc4 {Obteniendo una posición igualada 1-0 Galego,L-Camejo
Almeida,R 1993}) 12. Bc4 {Carlsen, que hasta este momento ha hecho sus jugadas
rápidamente, está ahora gastando mucho tiempo tiene 13 minutos por 17 de Anand}
c6 $5 {# Carlsen da el peón de d6, un juego concreto propio del estilo de este
prodigio de 14 años.} 13. Bxd6 {Anand captura el peón sin pensarselo un
instante....} Bxd6 14. Qxd6 Qxd6 15. Rxd6 Bxf3 {Magnus tambien juega ahora
rápido} ({la jugada esperada era} 15... Ne4 {pero después de} 16. Rd4 Nxf2 ({
una jugada interesante es} 16... h6 {fijando la debilidad en h5 , con algo de
compensación por el peón entregado}) 17. Rf1 $1 Bxf3 18. gxf3 Nh3 19. Rd7 {
y las blancas ganan}) 16. gxf3 Rad8 17. Rd4 {Las blancas tienen un peón de más
aunque su estructura hace muy difícil materializar esta ventaja.} b5 18. Rhd1
Rxd4 19. cxd4 Nd7 20. Bd3 Nf6 21. d5 $1 {# Anand devuelve el peón para forzar
un final con un alfil mejor que el caballo negro.} cxd5 (21... Nxd5 22. Bxb5 {
y las blancas tienen mucha ventaja}) 22. Bxb5 Re5 23. c4 Kf8 24. c5 d4 $2 {
después de esto la posición negra parece perdida} (24... Rxh5 25. c6 Ne8) 25.
b4 $1 {las blancas tienen dos fuertes peones pasados en el flanco de dama.} a5
26. a3 axb4 27. axb4 Nd5 28. Rxd4 {Anand tiene 17 munutos y una posición
ganada , a Magnus le quedan menos de 4 y su posición parece desesperada.} Rxh5
({Entregar una pieza con} 28... Nxb4 29. Rxb4 Rxc5+ 30. Bc4 Rxh5 31. Rb8+ Ke7
32. Rb7+ {no es suficiente para salvarse.}) {#} 29. c6 $1 Ke7 30. Rxd5 $1 {
Anand remata con dos mazazos la partida. La coronación es inevitable. Una
victoria aparentemente muy fácil para Anand.} 1-0

[Event "Leon 18th"]
[Site "Leon"]
[Date "2005.06.11"]
[Round "1.2"]
[White "Carlsen, Magnus"]
[Black "Anand, Viswanathan"]
[Result "1/2-1/2"]
[WhiteElo "2548"]
[BlackElo "2785"]
[Annotator "Mellado,E"]
[PlyCount "59"]
[EventDate "2005.06.10"]
[EventType "k.o. (rapid)"]
[EventRounds "2"]
[EventCountry "ESP"]
[SourceTitle "CBM 108"]
[Source "ChessBase"]
[SourceDate "2005.09.26"]
[SourceVersion "1"]
[SourceVersionDate "2005.09.26"]
[SourceQuality "1"]

1. e4 e5 2. Nf3 Nc6 3. Bb5 a6 4. Ba4 Nf6 5. O-O Be7 6. Re1 b5 7. Bb3 O-O 8. c3
{Carlsen permite el temido gambito Marshall} d5 {El Ataque Marshall, un
sistema que goza de gran prestigio en la actualidad, y la principal culpable
del auge que han cobrado en los torneos de élite actuales los sistemas
llamados Anti-Marshall.} 9. exd5 Nxd5 10. Nxe5 Nxe5 11. Rxe5 c6 ({Este gambito
fue inventado por el GM americano FJ Marshall, quien guardó el secreto durante
años hasta poder emplearlo contra su más peligroso rival, el futuro campeón
del mundo José Raúl Capablanca. La siguiente partida es un clásico de la
historia del ajedrez} 11... Nf6 12. Re1 Bd6 13. h3 Ng4 14. Qf3 Qh4 15. d4 Nxf2
16. Re2 Bg4 17. hxg4 Bh2+ 18. Kf1 Bg3 19. Rxf2 Qh1+ 20. Ke2 Bxf2 21. Bd2 Bh4
22. Qh3 Rae8+ 23. Kd3 Qf1+ 24. Kc2 Bf2 25. Qf3 Qg1 26. Bd5 c5 27. dxc5 Bxc5 28.
b4 Bd6 29. a4 a5 30. axb5 axb4 31. Ra6 bxc3 32. Nxc3 Bb4 33. b6 Bxc3 34. Bxc3
h6 35. b7 Re3 36. Bxf7+ {1-0 Capablanca,J-Marshall,F New York 1918}) 12. d3 $5
(12. d4 {es la variante principal}) 12... Bd6 13. Re1 Bf5 14. Qf3 Qh4 ({
Anand también ha jugado esta posición con blancas.} 14... Qd7 15. Bxd5 cxd5 16.
Bf4 Bxf4 17. Qxf4 Bxd3 18. Nd2 Rfe8 19. h3 h6 20. Qd4 Bg6 21. Nb3 Qc6 22. Nc5
a5 23. a3 a4 24. Rad1 Rac8 25. Rxe8+ Rxe8 26. Nd3 Re4 27. Qa7 Re2 28. Nb4 Qd6
29. Qd4 {Anand,V-Adams,M/Paris 1992 1-0 (96)}) 15. g3 Qh3 16. Bxd5 ({Un
ejemplo muy reciente es} 16. Nd2 Rae8 17. Ne4 Bg4 18. Qg2 Qxg2+ 19. Kxg2 f5 20.
h3 Bh5 21. Bf4 Bxf4 22. gxf4 fxe4 23. dxe4 Bf3+ 24. Kxf3 Rxf4+ 25. Kg3 Rfxe4
26. Rxe4 Rxe4 27. f3 Re2 28. c4 bxc4 29. Bxc4 Rxb2 30. Bxa6 g5 31. a4 Kg7 32.
a5 Nf4 33. Bf1 Kg6 34. h4 Kf5 35. a6 Ke5 {1/2-1/2 Nakamura,H-Aronian,L
Gibraltar 2005}) 16... cxd5 17. Be3 Bxd3 18. Qxd5 Rad8 {# Anand tiene 21
minutos en Reloj !más que al principio de la partida!} 19. Qf3 Rfe8 ({
Kasimdzhanov , clasificado ayer para la final de este Magistral, llegó también
a esta posición el año pasado en la Olimpiada de Calvià ....} 19... Qf5 20.
Qxf5 Bxf5 21. Nd2 Rfe8 22. Bd4 f6 23. Nb3 Kf7 24. Bb6 Rc8 25. Rxe8 Rxe8 26. Rd1
Bf8 27. Nd4 Be4 28. f3 Bd5 29. a3 Rb8 30. Bc7 Rb7 31. Bf4 Bc5 32. Kf2 Rd7 33.
Be3 Bc4 34. g4 a5 35. h4 a4 36. h5 Bxd4 37. Bxd4 Rd5 38. Kg3 g6 39. hxg6+ Kxg6
40. Re1 h5 41. Re8 hxg4 42. fxg4 Rd6 43. Kf4 Re6 {1/2-1/2 Kasimdzhanov,
R-Onischuk,A Calvia 2004}) 20. Nd2 Qf5 21. Qxf5 Bxf5 22. Bd4 f6 {Como mandan
las reglas clásicas el bando que tiene pareja de alfiles debe colocar su
cadena de peones en las casillas del color del alfil contrario. Por
trasposición se ha llegado a la partida anteriormente mencionada.} 23. f3 {
Esta es la autentica novedad, nada menos que en la jugada 23.} b4 {Las negras
efienden con éxito habitualmente este tipo de finales con peón de menos a
cambio de la pareja de alfiles en posición abierta.} 24. Ne4 Bc7 $1 {Carlsen
12:39 Anand 16:31} 25. Kf2 bxc3 26. bxc3 Rb8 27. Re2 Kf7 {Anand tiene el doble
de tiempo que su rival: 16 minutos por 8 de Carlsen} 28. Rd1 h5 $1 {Fritz
considera que las blancas tienen gran ventaja, aunque en estas posiciones
donde uno de los bandos mantiene ventaja material durante muchas jugadas, son
seguramente, las que peor valora .} 29. Bc5 {Magnus quiere cambiar un alfil
para privar a las negras de su principal baza: la pareja de alfiles.} Kg6 $1 {
# impidiendo elegantemente la amenaza blanca.} 30. Bd4 {Y Carlsen ofrece
tablas que Anand acepta. Una partida que demuestra lo difícil que resulta
obtener alguna ventaja tangible contra el GM Indio, que ha demostrado una
preparación teórica de altísimo nivel.} (30. Bd6 Rbd8 31. Red2 Bb6+ {y las
negras mantienen sus alfiles Anand 1,5 Carlsen 0,5}) 1/2-1/2